[Event "London Classic Open 2018"]
[Site "London ENG"]
[Date "2018.12.10"]
[Round "2.6"]
[White "Pert, Nicholas"]
[Black "Signorelli, Gaetano"]
[Result "1-0"]
[WhiteTitle "GM"]
[WhiteElo "2546"]
[BlackElo "2222"]
[WhiteFideId "403989"]
[BlackFideId "863416"]
[EventDate "2018.12.09"]

1. d4 d5 2. c4 Nc6 3. Nc3 Nf6 4. Nf3 dxc4 5. Bg5 h6 6. Bh4 a6 7. e4 Bg4 8. d5
Ne5 9. Bg3 Bxf3 10. gxf3 Nd3+ 11. Bxd3 cxd3 12. Qxd3 e6 13. O-O-O Qe7 14. Kb1 e5
15. f4 exf4 16. Bxf4 Nh5 17. d6 Qd7 18. Be5 cxd6 19. Qf3 Qe6 20. Bd4 Nf6 21. Nd5
Nxd5 22. exd5 Qg6+ 23. Ka1 f5 24. Rhg1 Qf7 25. Rc1 Rg8 26. Rge1+ Kd7 27. Qc3 1-0

[Event "London Classic Open 2018"]
[Site "London ENG"]
[Date "2018.12.10"]
[Round "2.7"]
[White "Villiers, Thomas"]
[Black "Debashis, Das"]
[Result "0-1"]
[WhiteTitle "CM"]
[BlackTitle "GM"]
[WhiteElo "2205"]
[BlackElo "2544"]
[WhiteFideId "427209"]
[BlackFideId "5024854"]
[EventDate "2018.12.09"]

1. e4 c5 2. Nc3 d6 3. g3 Nc6 4. Bg2 g6 5. d3 Bg7 6. Nge2 e5 7. O-O Nge7 8. Be3
O-O 9. Qd2 Nd4 10. Rab1 Be6 11. Nd5 Bxd5 12. exd5 Ndf5 13. b4 b6 14. bxc5 bxc5
15. Rb3 Nxe3 16. Qxe3 Qa5 17. Rfb1 Qxa2 18. Qc1 Qa5 19. Rb7 Qd8 20. Qa3 Nf5 21.
Rxa7 Rxa7 22. Qxa7 Nd4 23. Nxd4 cxd4 24. Rb7 Qc8 25. Rc7 Qb8 26. Qxb8 Rxb8 27.
h4 Bf8 28. Bf3 Kg7 29. Bg4 Kf6 30. Bd7 Be7 31. Kg2 h5 32. c3 Bd8 33. Rc4 dxc3
34. Rxc3 Rb2 35. Ba4 Bb6 36. Rc2 Rb4 37. Rc4 Rb1 38. Rc2 Bc5 39. Kf3 Ke7 40. Kg2
Rb4 41. Rc4 Rb2 42. Rc2 Rb1 43. Kf3 f5 44. Kg2 Kf6 45. Kf3 Rb4 46. Bc6 Rb3 47.
Ke2 Rb8 48. Ra2 g5 49. hxg5+ Kxg5 50. Bd7 Rb3 51. Bc8 Rb1 52. Kf3 Rd1 53. Ba6
Rc1 54. Kg2 Bd4 55. Re2 Ra1 56. Bc4 Rb1 57. Ba6 Kg4 58. Rc2 Ra1 59. Bc8 Kg5 60.
Bd7 Bc5 61. Re2 Rb1 62. Bc8 Rb4 63. Ba6 Rd4 64. Bc4 h4 65. gxh4+ Rxh4 66. Ra2
Kf4 67. Bb3 Rh8 68. Ra4+ Bd4 69. Ra6 Rb8 70. Bc4 Rg8+ 71. Kf1 Kf3 72. Ke1 Rg6
73. Bb3 Bxf2+ 74. Kd2 Bd4 75. Bd1+ Kf4 76. Be2 Rh6 77. Ra8 Kg3 78. Re8 f4 79.
Re6 Be3+ 80. Kc3 f3 81. Bxf3 Kxf3 82. Re8 Bc5 83. Rg8 Rh4 84. Rg6 Rd4 85. Rh6
Rxd5 86. Rh3+ Kg4 87. Rh8 Bd4+ 88. Kd2 Rb5 89. Rg8+ Kf5 90. Rg3 Rb2+ 91. Kc1 Rf2
92. Rh3 Kf4 93. Rh6 Ke3 94. Rxd6 Kxd3 95. Kb1 Rb2+ 96. Ka1 Rb6+ 97. Rxd4+ exd4
98. Ka2 Kc3 99. Ka1 d3 100. Ka2 d2 101. Ka1 Kc2 102. Ka2 Ra6# 0-1

[Event "London Classic Open 2018"]
[Site "London ENG"]
[Date "2018.12.10"]
[Round "2.8"]
[White "Turner, Matthew J"]
[Black "Hill, Alistair"]
[Result "1-0"]
[WhiteTitle "GM"]
[WhiteElo "2533"]
[BlackElo "2219"]
[WhiteFideId "402893"]
[BlackFideId "432407"]
[EventDate "2018.12.09"]

1. d4 Nf6 2. c4 c5 3. d5 b5 4. Qc2 d6 5. e4 b4 6. Nf3 g6 7. h3 Bg7 8. Bd3 O-O 9.
O-O a5 10. Bf4 Nbd7 11. Nbd2 Nh5 12. Bh2 Ne5 13. Be2 Nxf3+ 14. Nxf3 Qc7 15. Rae1
e5 16. dxe6 fxe6 17. Qd2 Ra6 18. Ng5 Nf6 19. e5 dxe5 20. Bf3 Ne8 21. Bg4 h6 22.
Ne4 Nd6 23. Nxd6 Rxd6 24. Qc2 h5 25. Be2 Bb7 26. Qxg6 Rf6 27. Qe8+ Rf8 28. Qxh5
Rf5 29. Qe8+ Kh7 30. Bf3 Rd8 31. Qxe6 Bc8 32. Qc6 Qxc6 33. Bxc6 Rg5 34. f4 exf4
35. Bxf4 Bd4+ 36. Kh2 Rg7 37. Be5 Bxe5+ 38. Rxe5 Rd2 39. Be4+ 1-0

[Event "London Classic Open 2018"]
[Site "London ENG"]
[Date "2018.12.10"]
[Round "2.9"]
[White "Dougan Maho, Harold"]
[Black "Hector, Jonny"]
[Result "0-1"]
[BlackTitle "GM"]
[WhiteElo "2204"]
[BlackElo "2501"]
[WhiteFideId "2257076"]
[BlackFideId "1700090"]
[EventDate "2018.12.09"]

1. e4 e5 2. Nf3 Nc6 3. d4 exd4 4. Nxd4 Qf6 5. Be3 Bc5 6. c3 Nge7 7. Bc4 O-O 8.
O-O b6 9. f4 d5 10. e5 Qh6 11. Qe2 dxc4 12. f5 Nxd4 13. cxd4 Bxd4 14. Bxd4 Nxf5
15. Bf2 Be6 16. Nc3 Rad8 17. Rad1 a6 18. Qe4 Qg5 19. Kh1 Qe7 20. g4 Nh4 21. Bg3
Ng6 22. Nd5 Bxd5 23. Rxd5 Rxd5 24. Qxd5 b5 25. h4 Rd8 26. Qe4 Nxh4 27. Rf2 Ng6 0-1

[Event "London Classic Open 2018"]
[Site "London ENG"]
[Date "2018.12.10"]
[Round "2.10"]
[White "Ghasi, Ameet K"]
[Black "Knudsen, Simon"]
[Result "1/2-1/2"]
[WhiteTitle "IM"]
[WhiteElo "2498"]
[BlackElo "2206"]
[WhiteFideId "409200"]
[BlackFideId "12985546"]
[EventDate "2018.12.09"]

1. c4 e5 2. Nc3 Nf6 3. Nf3 Nc6 4. e3 Bb4 5. Qc2 O-O 6. Nd5 Re8 7. Ng5 g6 8.
Nxf6+ Qxf6 9. h4 Bf8 10. Be2 Nb4 11. Qb1 c6 12. a3 Na6 13. b4 d5 14. cxd5 cxd5
15. Bb2 Qd8 16. Nf3 Bg7 17. d3 Nc7 18. Qd1 d4 19. e4 a5 20. O-O 1/2-1/2

[Event "London Classic Open 2018"]
[Site "London ENG"]
[Date "2018.12.10"]
[Round "2.11"]
[White "Ethelontis, Alexandros N"]
[Black "Gormally, Daniel W"]
[Result "0-1"]
[BlackTitle "GM"]
[WhiteElo "2187"]
[BlackElo "2478"]
[WhiteFideId "405469"]
[BlackFideId "406465"]
[EventDate "2018.12.09"]

1. c4 e5 2. g3 Nf6 3. Bg2 Nc6 4. Nc3 Bb4 5. Nd5 Bc5 6. Nf3 d6 7. O-O O-O 8. d3
h6 9. a3 a6 10. b4 Ba7 11. Bb2 Nxd5 12. cxd5 Ne7 13. Qb3 c6 14. e4 cxd5 15. exd5
Ng6 16. Rac1 f5 17. d4 e4 18. Nd2 Qf6 19. Rfd1 Re8 20. b5 axb5 21. Qxb5 Rf8 22.
Rc7 Qg5 23. Qb3 Bb8 24. Rcc1 Bd7 25. Qxb7 Ra7 26. Qb4 Ba4 27. Re1 Bc7 28. Nc4
Rb8 29. h4 Qf6 30. Qd2 Ne7 31. Ne3 f4 32. gxf4 Qxf4 33. Bc3 Ng6 34. Nf1 Qf6 35.
Rxe4 Nxh4 36. Qf4 Qxf4 37. Rxf4 Bd8 38. Ne3 Rc7 39. Kh2 Bg5 40. Re4 Nxg2 41.
Kxg2 Rbc8 42. f4 Bd8 43. Nf5 Rxc3 44. Rxc3 Rxc3 45. Nxd6 Rxa3 46. Nb7 Bf6 47.
Nc5 Bd1 0-1

[Event "London Classic Open 2018"]
[Site "London ENG"]
[Date "2018.12.10"]
[Round "2.12"]
[White "Janik, Igor"]
[Black "Stoyanov, Viktor"]
[Result "1-0"]
[WhiteTitle "IM"]
[WhiteElo "2476"]
[BlackElo "2205"]
[WhiteFideId "1159259"]
[BlackFideId "450308"]
[EventDate "2018.12.09"]

1. d4 Nf6 2. c4 g6 3. Nf3 Bg7 4. g3 O-O 5. Bg2 c5 6. d5 b5 7. cxb5 Qa5+ 8. Nfd2
Qxb5 9. Nc3 Qa6 10. O-O Bb7 11. e4 d6 12. Re1 Nbd7 13. a4 Qa5 14. Nc4 Qd8 15. f4
Ba6 16. Nb5 Ne8 17. e5 Qb8 18. Na5 Bxb5 19. axb5 dxe5 20. Nc6 Qd6 21. fxe5 Nxe5
22. Bf4 f6 23. b6 Qd7 24. Rxa7 Rxa7 25. bxa7 Nd6 26. Bxe5 fxe5 27. Qb3 Ra8 28.
Qb8+ Qe8 29. Qxe8+ Nxe8 30. d6 Nxd6 31. Nxe7+ Kf8 32. Bxa8 Nb5 33. Nc8 1-0

[Event "London Classic Open 2018"]
[Site "London ENG"]
[Date "2018.12.10"]
[Round "2.13"]
[White "Laustsen, Lars"]
[Black "Gumularz, Szymon"]
[Result "0-1"]
[BlackTitle "IM"]
[WhiteElo "2186"]
[BlackElo "2462"]
[WhiteFideId "1407554"]
[BlackFideId "1188062"]
[EventDate "2018.12.09"]

1. d4 Nf6 2. c4 e6 3. g3 c5 4. d5 exd5 5. cxd5 d6 6. Nc3 g6 7. Bg2 Bg7 8. Nf3
O-O 9. O-O a6 10. a4 Nbd7 11. Bf4 Qe7 12. Re1 Ng4 13. h3 Nge5 14. Qc1 Rb8 15.
Rb1 Re8 16. Rd1 Nxf3+ 17. exf3 Ne5 18. b4 c4 19. Qd2 Bf5 20. Ne4 Nxf3+ 21. Bxf3
Bxe4 22. Bxe4 c3 23. Qd3 Qxe4 24. Qxe4 Rxe4 25. Bxd6 Rd8 0-1

[Event "London Classic Open 2018"]
[Site "London ENG"]
[Date "2018.12.10"]
[Round "2.14"]
[White "Arkell, Keith C"]
[Black "Stephan, Axel"]
[Result "1-0"]
[WhiteTitle "GM"]
[WhiteElo "2453"]
[BlackElo "2204"]
[WhiteFideId "400270"]
[BlackFideId "4632834"]
[EventDate "2018.12.09"]

1. d4 Nf6 2. Nf3 g6 3. c4 Bg7 4. g3 O-O 5. Bg2 c6 6. O-O d5 7. Nbd2 Nbd7 8. b3
b6 9. Bb2 Bb7 10. e3 Rc8 11. Qe2 Qc7 12. Rfc1 Qb8 13. b4 e6 14. a4 dxc4 15. Nxc4
Ba6 16. Qd1 Rfd8 17. Qb3 Bb7 18. Nfe5 Nd5 19. Nd3 Bf8 20. Rc2 Ba8 21. e4 N5f6
22. Re2 Ne8 23. Ne3 Bg7 24. Rd1 Ndf6 25. Nc4 Qc7 26. Rc1 Qb8 27. Nf4 Bh6 28. Ne5
Nd7 29. Nxf7 Bxf4 30. Nxd8 Bxc1 31. Qxe6+ 1-0

[Event "London Classic Open 2018"]
[Site "London ENG"]
[Date "2018.12.10"]
[Round "2.15"]
[White "Brooks, Phil J"]
[Black "Flear, Glenn C"]
[Result "0-1"]
[BlackTitle "GM"]
[WhiteElo "2184"]
[BlackElo "2451"]
[WhiteFideId "405540"]
[BlackFideId "400165"]
[EventDate "2018.12.09"]

1. d4 Nf6 2. c4 g6 3. Nc3 d5 4. Bg5 Ne4 5. Bh4 Nxc3 6. bxc3 dxc4 7. e3 Be6 8.
Nf3 Bg7 9. Be2 Nd7 10. O-O Nb6 11. Qc2 O-O 12. a4 a5 13. Rfb1 Qd7 14. Nd2 Bd5
15. Qa2 Rfe8 16. e4 Bc6 17. Bd1 Bh6 18. f3 Bxa4 19. Nxc4 Bxd1 20. Nxb6 cxb6 21.
Rxd1 Rec8 22. Qb2 Ra6 23. Bf2 a4 24. Ra3 Qc7 25. Qb5 Qc4 26. Qd7 Qc6 27. Qh3 Bf8
28. Be1 e6 29. Ra2 a3 30. Qg3 Ra4 31. Qf2 Rc4 32. Qc2 Bb4 33. Qb3 Bxc3 34. Rxa3
Bxd4+ 35. Bf2 Bxf2+ 36. Kxf2 Qc5+ 37. Qe3 Rc2+ 38. Kg3 Qxe3 39. Rxe3 Rb2 40.
Red3 Rcc2 41. Rg1 Rc7 42. Rgd1 Rcc2 43. Rg1 Rd2 44. Rxd2 Rxd2 45. Rc1 Rd7 46. e5
Kf8 47. Rb1 Ke7 48. Rxb6 Kd8 49. Kf4 Kc7 50. Rb2 h6 51. Ke4 Rd5 52. f4 h5 53. g3
b5 54. h3 Kb6 55. g4 hxg4 56. hxg4 Rc5 57. Rd2 b4 58. Rd6+ Rc6 59. Rd8 Rc4+ 60.
Ke3 Rc7 61. Kd3 Kb5 62. Rb8+ Ka4 63. Kd4 Ka3 64. Kd3 b3 65. Rb6 Ka2 66. Rb8 b2
67. Ra8+ Kb1 68. Kd2 Rc4 69. f5 gxf5 70. gxf5 exf5 71. Ra7 Rc5 72. Rxf7 Rxe5 73.
Ra7 Rd5+ 74. Ke2 Kc2 75. Rc7+ Kb3 76. Rb7+ Kc3 0-1

[Event "London Classic Open 2018"]
[Site "London ENG"]
[Date "2018.12.10"]
[Round "2.16"]
[White "Wang, Kevin"]
[Black "Martinez, Ayelen"]
[Result "1-0"]
[WhiteTitle "IM"]
[BlackTitle "WIM"]
[WhiteElo "2449"]
[BlackElo "2185"]
[WhiteFideId "2008424"]
[BlackFideId "118702"]
[EventDate "2018.12.09"]

1. d4 Nf6 2. c4 g6 3. Nc3 Bg7 4. e4 d6 5. Bd3 O-O 6. Nge2 c5 7. d5 e6 8. O-O
exd5 9. exd5 Nbd7 10. f4 a6 11. a4 Re8 12. h3 Nh5 13. g4 Qh4 14. gxh5 Bd4+ 15.
Kg2 Ne5 16. f5 g5 17. Ng3 Kh8 18. Be2 Rg8 19. Nce4 Bd7 20. Ra3 Rg7 21. Be3 Bxb2
22. Ra2 Re8 23. h6 Rgg8 24. Bg4 Nxc4 25. Bf2 Be5 26. Nh5 Bxf5 27. Bxf5 g4 1-0

[Event "London Classic Open 2018"]
[Site "London ENG"]
[Date "2018.12.10"]
[Round "2.17"]
[White "McClement, Andrew"]
[Black "Elsness, Frode"]
[Result "1-0"]
[BlackTitle "IM"]
[WhiteElo "2182"]
[BlackElo "2447"]
[WhiteFideId "2400480"]
[BlackFideId "1501100"]
[EventDate "2018.12.09"]

1. Nf3 d5 2. c4 d4 3. g3 c5 4. Bg2 Nc6 5. O-O e5 6. d3 Nf6 7. e3 Bd6 8. exd4
cxd4 9. b4 Nxb4 10. Nxe5 Bxe5 11. Re1 Ng4 12. h3 Ne3 13. Qa4+ Nc6 14. Ba3 f6 15.
fxe3 Kf7 16. Bd5+ Be6 17. Bxe6+ Kxe6 18. Nd2 dxe3 19. Rxe3 Kf7 20. Rb1 Bd4 21.
Rxb7+ Kg6 22. Qxc6 Bxe3+ 23. Kh1 Re8 24. Rd7 Qa5 25. Qb7 Bh6 26. Nf3 Qxa3 27.
Nh4+ Kg5 28. Rxg7+ 1-0

[Event "London Classic Open 2018"]
[Site "London ENG"]
[Date "2018.12.10"]
[Round "2.18"]
[White "Keetman, Maaike"]
[Black "Hebden, Mark L"]
[Result "1/2-1/2"]
[BlackTitle "GM"]
[WhiteElo "2173"]
[BlackElo "2425"]
[WhiteFideId "1033697"]
[BlackFideId "400084"]
[EventDate "2018.12.09"]

1. e4 e5 2. Nf3 Nc6 3. Bb5 a6 4. Ba4 Nf6 5. O-O Be7 6. Re1 b5 7. Bb3 d6 8. c3
O-O 9. d4 Bg4 10. Be3 d5 11. exd5 exd4 12. dxc6 dxe3 13. Rxe3 Bc5 14. Re1 Qc8
15. Nbd2 Qf5 16. Bc2 Qf4 17. Ne4 Rfd8 18. Qc1 Qxc1 19. Raxc1 Nxe4 20. Bxe4 f5
21. Bxf5 Bxf3 22. gxf3 Rd2 23. Rf1 Rxb2 24. Rc2 Rxc2 25. Bxc2 Re8 26. Rd1 g6 27.
Bb3+ Kh8 28. Rd7 Bb6 29. Kf1 Rf8 30. Kg2 Rf5 31. Bd5 h5 32. h4 Ba5 33. c4 bxc4
34. Bxc4 Rf4 35. Bxa6 Rxh4 36. Bd3 Ra4 37. Bxg6 Rxa2 38. Bxh5 Rc2 39. Be8 Rxc6
40. Rh7+ 1/2-1/2

[Event "London Classic Open 2018"]
[Site "London ENG"]
[Date "2018.12.10"]
[Round "2.19"]
[White "Pert, Richard G"]
[Black "Brozel, Sacha"]
[Result "1-0"]
[WhiteTitle "IM"]
[WhiteElo "2416"]
[BlackElo "2182"]
[WhiteFideId "404748"]
[BlackFideId "429317"]
[EventDate "2018.12.09"]

1. d4 e6 2. e4 d5 3. Nd2 Be7 4. Ngf3 Nf6 5. e5 Nfd7 6. Bd3 c5 7. c3 Nc6 8. O-O
a5 9. Re1 cxd4 10. cxd4 Qb6 11. a4 g5 12. Nb3 g4 13. Nfd2 h5 14. Nb1 Nxd4 15.
Nxd4 Qxd4 16. Nc3 Qb6 17. Bb5 Bc5 18. Qc2 O-O 19. Bh6 f5 20. Bxf8 Nxf8 21. Rac1
Bd4 22. Qd2 Kf7 23. Qh6 Bxf2+ 24. Kh1 Qd8 25. Rf1 Bd4 26. Qxh5+ Kg7 27. h3 Bd7
28. hxg4 Ng6 29. gxf5 exf5 30. Rf3 f4 31. Nxd5 Qh8 32. Rh3 Bxh3 33. Rc7+ Kf8 34.
Rh7 Qxe5 35. Qh6+ 1-0

[Event "London Classic Open 2018"]
[Site "London ENG"]
[Date "2018.12.10"]
[Round "2.20"]
[White "Eames, Robert S"]
[Black "Piesik, Piotr"]
[Result "0-1"]
[WhiteTitle "FM"]
[BlackTitle "FM"]
[WhiteElo "2167"]
[BlackElo "2404"]
[WhiteFideId "408743"]
[BlackFideId "1136194"]
[EventDate "2018.12.09"]

1. d4 g6 2. e4 Bg7 3. c4 d6 4. Nc3 Nc6 5. Be3 e5 6. d5 Nd4 7. Nge2 Nxe2 8. Bxe2
Nf6 9. O-O O-O 10. c5 Ne8 11. Qd2 f5 12. f3 f4 13. Bf2 h5 14. Rfc1 g5 15. Nb5 g4
16. cxd6 cxd6 17. Nxa7 g3 18. hxg3 fxg3 19. Be3 Bd7 20. Qb4 Qh4 21. Qxb7 Bh6 22.
Qb3 Qh2+ 23. Kf1 Qh1+ 24. Bg1 Rxa7 25. Rc3 h4 26. f4 Bxf4 27. Bf3 Nc7 28. Rc6 h3
29. Ke2 h2 30. Rcc1 0-1

[Event "London Classic Open 2018"]
[Site "London ENG"]
[Date "2018.12.10"]
[Round "2.21"]
[White "McDonald, Neil"]
[Black "Sumit, Kumar"]
[Result "0-1"]
[WhiteTitle "GM"]
[WhiteElo "2403"]
[BlackElo "2179"]
[WhiteFideId "400629"]
[BlackFideId "5054010"]
[EventDate "2018.12.09"]

1. e4 e5 2. Nf3 Nc6 3. Bb5 a6 4. Ba4 Nf6 5. d3 b5 6. Bb3 Be7 7. O-O d6 8. a4 Bd7
9. c3 O-O 10. Nbd2 b4 11. Nc4 Rb8 12. Re1 bxc3 13. bxc3 Be6 14. Ng5 Bg4 15. f3
Bd7 16. a5 h6 17. Nh3 Bxh3 18. gxh3 Qc8 19. Ne3 Qxh3 20. Ba4 Nxa5 21. Nf5 Bd8
22. Kh1 Kh8 23. Rg1 Rg8 24. Rg3 Qh5 25. Qf1 Nh7 26. Bd7 Nb3 27. Rb1 Bg5 28. Bxg5
Nxg5 29. Rb2 Nc5 30. Rbg2 Nxd7 31. Rxg5 hxg5 32. Rg3 Nf6 33. Rh3 g6 34. Rxh5+
Nxh5 35. Ne7 Rge8 36. Nd5 Rb7 37. Qa1 Reb8 38. Nb4 c5 39. Qxa6 cxb4 40. Qxd6 b3 0-1

[Event "London Classic Open 2018"]
[Site "London ENG"]
[Date "2018.12.10"]
[Round "2.22"]
[White "Czopor, Maciej"]
[Black "Eggleston, David J"]
[Result "1/2-1/2"]
[BlackTitle "IM"]
[WhiteElo "2164"]
[BlackElo "2397"]
[WhiteFideId "21805431"]
[BlackFideId "412120"]
[EventDate "2018.12.09"]

1. e4 c5 2. Nf3 d6 3. d4 Nf6 4. Nc3 cxd4 5. Nxd4 a6 6. Be3 e5 7. Nb3 Be6 8. f3
h5 9. Nd5 Bxd5 10. exd5 Nbd7 11. Qd2 Qc7 12. c4 a5 13. Rc1 g6 14. Be2 a4 15. Na1
Ng8 16. O-O Bh6 17. f4 Ne7 18. fxe5 Bxe3+ 19. Qxe3 Nxe5 20. c5 O-O 21. Qg5 Ra5
22. b4 axb3 23. Nxb3 Rxa2 24. Nd4 Nxd5 25. Bxh5 dxc5 26. Bxg6 Nxg6 27. Qxd5 Rd2
28. Rxc5 Qe7 29. Nf5 Rxd5 30. Nxe7+ Nxe7 31. Rc7 Re5 32. Rxb7 Rd8 33. Rb2 Rd6
34. Rbf2 f5 35. h3 Rg6 36. Kh2 Kh7 37. Rb1 Nd5 38. Rb5 Rd6 39. Rd2 Kg6 40. Kg3
f4+ 41. Kf3 Kf5 42. Kf2 Ke6 43. g3 fxg3+ 44. Kxg3 Re3+ 45. Kh2 Re5 46. Ra5 Rb6
47. Rc5 Kd6 48. Rc3 Rb5 49. Rg3 Ke6 50. Rf3 Ne3 51. Rf8 Ke7 52. Rf3 Rb1 53. Ra2
Nf5 54. Rff2 Rbe1 55. Ra7+ Kf6 56. Ra6+ Kg5 57. Rg2+ Kf4 58. Ra3 Ne3 59. Rf2+
Kg5 60. Ra8 Nf5 61. Rg8+ Kf6 62. Rf8+ Kg6 63. Rg2+ Kh5 64. Rh8+ Nh6 65. Rd8 R1e4
66. Rf8 Rh4 67. Rd8 Nf7 68. Rf8 Rf4 69. Rfg8 Ng5 70. Rh8+ Kg6 71. h4 Kg7 72. Rh5
Kg6 73. Rhxg5+ Rxg5 74. Rxg5+ Kh6 1/2-1/2

[Event "London Classic Open 2018"]
[Site "London ENG"]
[Date "2018.12.10"]
[Round "2.24"]
[White "Georgescu, Lena"]
[Black "Lewtak, Damian"]
[Result "1/2-1/2"]
[WhiteTitle "WFM"]
[WhiteElo "2162"]
[BlackElo "2393"]
[WhiteFideId "1331973"]
[BlackFideId "1141724"]
[EventDate "2018.12.09"]

1. e4 c5 2. Nf3 a6 3. c3 d5 4. exd5 Qxd5 5. d4 Nc6 6. Be2 cxd4 7. cxd4 e6 8. O-O
Nf6 9. Nc3 Qd8 10. Bg5 Be7 11. Qd2 O-O 12. Rfd1 Nb4 13. Rac1 Bd7 14. Ne5 Be8 15.
Bf3 Rb8 16. a3 Nbd5 17. Nxd5 Nxd5 18. Bxe7 Nxe7 19. Qb4 a5 20. Qb3 Bc6 21. Bxc6
bxc6 22. Qc2 Rb5 23. Rd2 Rd5 24. Nxc6 Nxc6 25. Qxc6 Rxd4 26. Rxd4 Qxd4 27. Qc3
Qxc3 28. Rxc3 Rb8 29. g3 Kf8 30. Rc5 Rxb2 31. Rxa5 Ke7 32. Kg2 Kf6 33. h4 h6 34.
Ra7 g5 1/2-1/2

[Event "London Classic Open 2018"]
[Site "London ENG"]
[Date "2018.12.10"]
[Round "2.25"]
[White "Stone, Andrew M"]
[Black "Lacasa Diaz, Jose Antonio"]
[Result "1/2-1/2"]
[BlackTitle "IM"]
[WhiteElo "2157"]
[BlackElo "2389"]
[WhiteFideId "404985"]
[BlackFideId "2203375"]
[EventDate "2018.12.09"]

1. c4 e6 2. Nc3 c5 3. Nf3 Nf6 4. g3 b6 5. Bg2 Bb7 6. O-O Nc6 7. d4 Nxd4 8. Nxd4
Bxg2 9. Kxg2 cxd4 10. Qxd4 Bc5 11. Qd3 Qc7 12. Bf4 Qc6+ 13. Qf3 O-O 14. Rad1
Rfd8 15. Bg5 Be7 16. Qxc6 dxc6 17. Rxd8+ Rxd8 18. Rd1 Rxd1 19. Nxd1 h6 20. Bxf6
Bxf6 21. Kf3 Kf8 22. Ke4 Ke7 23. b3 g6 24. Ne3 Kd6 25. Nc2 h5 26. f4 Bb2 27. Ne1
f5+ 28. Kd3 e5 29. fxe5+ Bxe5 30. Nf3 Bf6 31. e4 Ke6 32. Ke3 g5 33. h3 g4 34.
exf5+ Kxf5 35. hxg4+ Kxg4 36. Kf2 Bc3 37. Nh2+ Kh3 38. Nf3 Kg4 39. Nh2+ Kh3 40.
Nf3 c5 41. Ng1+ Kg4 42. Ne2 Be5 43. Kg2 Bd6 44. Kf2 Be5 45. Kg2 Bc7 46. Kf2 Be5 1/2-1/2

[Event "London Classic Open 2018"]
[Site "London ENG"]
[Date "2018.12.10"]
[Round "2.26"]
[White "Mirzoyan, Davit T."]
[Black "Russell, Christopher"]
[Result "1/2-1/2"]
[WhiteTitle "FM"]
[WhiteElo "2382"]
[BlackElo "2169"]
[WhiteFideId "13308386"]
[BlackFideId "413569"]
[EventDate "2018.12.09"]

1. Nf3 e6 2. g3 Nf6 3. Bg2 d5 4. O-O Be7 5. d3 O-O 6. Nbd2 c5 7. e4 Nc6 8. Re1
b5 9. e5 Nd7 10. Nf1 Qc7 11. Bf4 Bb7 12. h4 h6 13. Qd2 Rfc8 14. h5 a5 15. N1h2
Bf8 16. Re2 b4 17. g4 a4 18. Rae1 Ba6 19. g5 hxg5 20. Bxg5 c4 21. Ng4 b3 22.
axb3 axb3 23. h6 g6 24. Qf4 f5 25. exf6 Qxf4 26. Bxf4 bxc2 27. Rxe6 Nd8 28. Re8
Nf7 29. Rxc8 Rxc8 30. d4 c3 31. bxc3 Rxc3 32. Nfe5 Ndxe5 33. dxe5 Bc8 34. e6
Bxe6 35. Rxe6 c1=Q+ 36. Bxc1 Rxc1+ 37. Kh2 Bd6+ 38. Rxd6 Nxd6 39. Bxd5+ Kh7 40.
f7 Rc8 41. Nf6+ Kxh6 42. Ne8 Rxe8 1/2-1/2

[Event "London Classic Open 2018"]
[Site "London ENG"]
[Date "2018.12.10"]
[Round "2.27"]
[White "Woong, Zhi Wei William"]
[Black "Milliet, Sophie"]
[Result "0-1"]
[WhiteTitle "CM"]
[BlackTitle "IM"]
[WhiteElo "2146"]
[BlackElo "2376"]
[WhiteFideId "5804906"]
[BlackFideId "623725"]
[EventDate "2018.12.09"]

1. e4 c5 2. Nf3 e6 3. c3 Nf6 4. e5 Nd5 5. d4 cxd4 6. cxd4 d6 7. Nc3 Nxc3 8. bxc3
Qc7 9. Bd2 Nd7 10. Ng5 h6 11. exd6 Bxd6 12. Ne4 Bf4 13. Bd3 b6 14. Bxf4 Qxf4 15.
O-O Bb7 16. Re1 O-O 17. Qc1 Qc7 18. Qa3 Bxe4 19. Bxe4 Rad8 20. Rac1 Nf6 21. Bf3
Rd7 22. g3 Rc8 23. Red1 Rcd8 24. Qa4 Qc8 25. Qb3 Qa6 26. a4 Rd6 27. Qb5 Qc8 28.
Qb3 Qc7 29. Kg2 R6d7 30. Qb5 g6 31. h4 h5 32. Qb2 Qc4 33. Qb5 Rc7 34. Be2 Qa2
35. Qe5 Qd5+ 36. Qxd5 Rxd5 37. Bb5 e5 38. c4 Rxd4 39. Rxd4 exd4 40. Rd1 Ne4 41.
Rxd4 Nc5 42. Rd6 Kf8 43. Rc6 Ne6 44. Rxc7 Nxc7 45. Kf3 Ke7 46. Bc6 Kd6 47. Bb7
Kc5 48. Ke4 f6 49. Kd3 Ne6 50. Bd5 Kd6 51. Bxe6 Kxe6 52. Ke4 g5 53. g4 hxg4 54.
h5 f5+ 55. Kd4 f4 56. a5 Kf6 0-1

[Event "London Classic Open 2018"]
[Site "London ENG"]
[Date "2018.12.10"]
[Round "2.28"]
[White "Gschnitzer, Adrian"]
[Black "Beckett, Chris J"]
[Result "1-0"]
[WhiteTitle "FM"]
[WhiteElo "2374"]
[BlackElo "2165"]
[WhiteFideId "1270337"]
[BlackFideId "406244"]
[EventDate "2018.12.09"]

1. e4 e6 2. d4 d5 3. Nd2 c5 4. exd5 Qxd5 5. Ngf3 cxd4 6. Bc4 Qd7 7. O-O Nc6 8.
Nb3 a6 9. Nbxd4 Nxd4 10. Nxd4 Qc7 11. Bb3 Bd6 12. Qh5 Nf6 13. Qh4 Bd7 14. Re1
O-O-O 15. Re3 Qa5 16. Rc3+ Kb8 17. Bg5 Be5 18. Be3 h6 19. f3 Rc8 20. Rd3 Rhd8
21. Qf2 Bb5 22. c4 Be8 23. Rad1 Bc7 24. Bc2 Qh5 25. g3 Bb6 26. c5 Bxc5 27. Nc6+
Bxc6 28. Rxd8 Bxe3 29. Qxe3 Qxf3 30. Qf4+ Qxf4 31. gxf4 Bd5 32. Rxc8+ Kxc8 33.
Kf2 g6 34. Bb3 Bc6 35. h3 Kc7 36. Ke3 Nd7 37. Rd4 Nf6 38. Bd1 Bd5 39. a3 Bg2 40.
h4 h5 41. Bf3 Ng4+ 42. Ke2 Bxf3+ 43. Kxf3 Nh6 44. Ke4 f6 45. Rd3 Nf5 46. Rh3 Kc6
47. a4 Nd6+ 48. Kd3 Nf5 49. Kc4 a5 50. Rh2 Nd6+ 51. Kd3 Nf5 52. Re2 Kd6 53. Kc4
e5 54. fxe5+ fxe5 55. Re4 Nd4 56. Re3 Ke6 57. Rg3 Kf6 58. Kd5 Nc6 59. Rf3+ Ke7
60. Rb3 Kf6 61. Rxb7 Ne7+ 62. Ke4 Nf5 63. Rb6+ Kg7 64. b4 axb4 65. a5 b3 66. a6
b2 67. a7 Nd6+ 68. Kd5 Nc8 69. Rb7+ 1-0

[Event "London Classic Open 2018"]
[Site "London ENG"]
[Date "2018.12.10"]
[Round "2.29"]
[White "Megalios, Konstantinos"]
[Black "Quinn, John M"]
[Result "1-0"]
[WhiteElo "2365"]
[BlackElo "2160"]
[WhiteFideId "4238044"]
[BlackFideId "405043"]
[EventDate "2018.12.09"]

1. d4 Nf6 2. c4 g6 3. Nc3 Bg7 4. e4 d6 5. Be2 O-O 6. Bg5 Na6 7. Qd2 e5 8. d5 Qe8
9. Bd1 Bd7 10. Nge2 Nh5 11. Ng3 Nf4 12. O-O f5 13. exf5 Bxf5 14. Bxf4 exf4 15.
Nxf5 Rxf5 16. Bg4 Rf8 17. Rae1 Qd8 18. Nb5 Qg5 19. Be6+ Kh8 20. b4 Be5 21. Re4
Qf6 22. a3 Rae8 23. Bg4 h5 24. Bf3 Re7 25. Rfe1 g5 26. Bxh5 Rh7 27. Bf3 g4 28.
Bxg4 Rg8 29. Qd1 f3 30. Qxf3 Bxh2+ 31. Kf1 Be5 32. Qxf6+ Bxf6 33. Bh3 Be5 34. c5
Rf8 35. R1e2 Rhf7 36. Rh4+ Kg7 37. Be6 Rf4 38. Rxf4 Bxf4 39. cxd6 cxd6 40. Rc2
Be5 1-0